[Event "Le Port Marly Paribas blitz op"]
[Site "Le Port Marly"]
[Date "2014.??.??"]
[Round "5"]
[White "Aithmidou, Mohamed Mehdi"]
[Black "Martenet, Jean Baptiste"]
[Result "0-1"]
[WhiteElo "2165"]
[BlackElo "2053"]
[PlyCount "80"]
[EventDate "2014.06.14"]
[EventType "swiss (blitz)"]
[EventRounds "15"]
[EventCountry "FRA"]
[SourceTitle "EXT 2015"]
[Source "ChessBase"]
[SourceDate "2014.11.20"]
[SourceVersion "1"]
[SourceVersionDate "2014.11.20"]
[SourceQuality "1"]

1. e4 c5 2. Nf3 Nc6 3. d4 cxd4 4. Nxd4 Nf6 5. Nc3 e5 6. Ndb5 d6 7. Bg5 a6 8. Na3 b5 9. Bxf6 gxf6 10. Nd5 f5 11. c3 Bg7 12. Bd3 Be6 13. Qh5 f4 14. 0-0 Bxd5 15. exd5 Ne7 16. Be4 Ng6 17. Nc2 Qh4 18. Qxh4 Nxh4 19. g3 f5 20. Rae1 fxe4 21. gxh4 Bf6 22. Rxe4 Rg8+ 23. Kh1 Kd7 24. Rg1 Rg5 25. h5 Rxh5 26. f3 Rh3 27. Ne1 Ke7 28. Rg4 Kf7 29. Kg2 Rh5 30. Nd3 Rg8 31. h3 Rhg5 32. Nf2 h5 33. Rxg5 Rxg5+ 34. Kh2 Rg3 35. Re2 Rxf3 36. Ne4 Be7 37. Kg2 Rd3 38. a4 bxa4 39. Nf2 Rg3+ 40. Kf1 a3 0-1

[Event "Le Port Marly Paribas blitz op"]
[Site "Le Port Marly"]
[Date "2014.??.??"]
[Round "11"]
[White "Dieu, Bruno"]
[Black "Martenet, Jean Baptiste"]
[Result "1/2-1/2"]
[WhiteElo "2276"]
[BlackElo "2053"]
[PlyCount "106"]
[EventDate "2014.06.14"]
[EventType "swiss (blitz)"]
[EventRounds "15"]
[EventCountry "FRA"]
[SourceTitle "EXT 2015"]
[Source "ChessBase"]
[SourceDate "2014.11.20"]
[SourceVersion "1"]
[SourceVersionDate "2014.11.20"]
[SourceQuality "1"]

1. Nc3 Nf6 2. e4 e6 3. e5 Nd5 4. Nxd5 exd5 5. f4 d6 6. Nf3 Bg4 7. d4 dxe5 8. fxe5 Nc6 9. c3 a6 10. Bd3 Qd7 11. 0-0 0-0-0 12. b4 f6 13. exf6 gxf6 14. a4 Rg8 15. b5 Nb8 16. bxa6 Nxa6 17. Bxa6 bxa6 18. Qe2 Qe6 19. Qxe6+ Bxe6 20. Bf4 Bd6 21. Bxd6 Rxd6 22. Kf2 Rc6 23. Rfe1 Bf5 24. Re3 Be4 25. g3 Kd7 26. Nd2 f5 27. Nb3 Rb8 28. Nc5+ Kd6 29. Re2 a5 30. Ke3 Rcb6 31. Kf4 Rg8 32. Ke3 Rgb8 33. Rf1 Rb1 34. Rxb1 Rxb1 35. Kf4 Rc1 36. Re3 Rc2 37. h4 h6 38. Nxe4+ fxe4 39. Kf5 Rf2+ 40. Kg6 Rf3 41. Re1 Rxg3+ 42. Kxh6 Rxc3 43. Kg5 Rg3+ 44. Kf4 Rf3+ 45. Kg4 c5 46. dxc5+ Kxc5 47. h5 Rf2 48. Rh1 e3 49. h6 Rf8 50. h7 Rh8 51. Kf3 d4 52. Ke4 Re8+ 53. Kd3 Rh8 1/2-1/2

[Event "FRA-chT1A 0708"]
[Site "France"]
[Date "2007.12.16"]
[Round "5.7"]
[White "Picard, Clement"]
[Black "Martenet, Jean Baptiste"]
[Result "1-0"]
[WhiteElo "2185"]
[BlackElo "2053"]
[PlyCount "39"]
[EventDate "2007.10.21"]
[EventType "team"]
[EventRounds "11"]
[EventCountry "FRA"]
[SourceTitle "EXT 2009"]
[Source "ChessBase"]
[SourceDate "2008.11.26"]
[SourceVersion "1"]
[SourceVersionDate "2008.11.26"]
[SourceQuality "1"]
[WhiteTeam "Migne Auxances"]
[BlackTeam "Chess XV"]
[WhiteTeamCountry "FRA"]
[BlackTeamCountry "FRA"]

1. e4 c5 2. Nf3 Nc6 3. Bb5 Nf6 4. Bxc6 dxc6 5. d3 g6 6. h3 Bg7 7. Nc3 0-0 8. Be3 b6 9. Qd2 Ba6 10. Bh6 Ne8 11. h4 f6 12. 0-0-0 Nc7 13. e5 Nb5 14. Nxb5 cxb5 15. Rh3 Qd5 16. Kb1 Bc8 17. Rg3 Be6 18. b3 a5 19. h5 Bf7 20. Rh1 1-0

[Event "Val Thorens op 32nd"]
[Site "Val Thorens"]
[Date "2006.07.19"]
[Round "5"]
[White "Marcantoni, Herve"]
[Black "Martenet, Jean Baptiste"]
[Result "1/2-1/2"]
[WhiteElo "2250"]
[BlackElo "2035"]
[PlyCount "39"]
[EventDate "2006.07.15"]
[EventType "swiss"]
[EventRounds "9"]
[EventCountry "FRA"]
[SourceTitle "EXT 2010"]
[Source "ChessBase"]
[SourceDate "2010.11.25"]
[SourceVersion "1"]
[SourceVersionDate "2010.11.25"]
[SourceQuality "1"]

1. e4 c5 2. Nf3 Nc6 3. d4 cxd4 4. Nxd4 Nf6 5. Nc3 e5 6. Ndb5 d6 7. Bg5 a6 8. Na3 b5 9. Bxf6 gxf6 10. Nd5 f5 11. c3 Bg7 12. exf5 Bxf5 13. Nc2 0-0 14. Nce3 Be6 15. g3 f5 16. Qh5 Bf7 17. Qd1 Be6 18. Qh5 Bf7 19. Qd1 Be6 20. Qh5 1/2-1/2